<?xml version="1.0" encoding="UTF-8"?>
<collection xmlns="http://www.loc.gov/MARC21/slim">
 <record>
  <leader>00641pamaa2200181   4500</leader>
  <controlfield tag="001">0000024852</controlfield>
  <controlfield tag="005">20100705090000.0</controlfield>
  <controlfield tag="008">100705                             eng  </controlfield>
  <datafield tag="090" ind1="0" ind2="0">
   <subfield code="a">HB137 </subfield>
   <subfield code="b">BAR 2009</subfield>
  </datafield>
  <datafield tag="100" ind1="1" ind2="0">
   <subfield code="a">Barrow </subfield>
  </datafield>
  <datafield tag="245" ind1="1" ind2="0">
   <subfield code="a">Statistics for economics, accounting and business studies  </subfield>
   <subfield code="c">Michael Barrow.</subfield>
  </datafield>
  <datafield tag="250" ind1="0" ind2="0">
   <subfield code="a">5th ed.</subfield>
  </datafield>
  <datafield tag="260" ind1="0" ind2="0">
   <subfield code="a">Harlow, England, London ; New York: </subfield>
   <subfield code="b">Prentice Hall/Financial Times, </subfield>
   <subfield code="c">2009.</subfield>
  </datafield>
  <datafield tag="300" ind1=" " ind2=" ">
   <subfield code="a">xix, 454 p.: </subfield>
   <subfield code="b">ill.; </subfield>
   <subfield code="c">25 cm.</subfield>
  </datafield>
  <datafield tag="504" ind1="0" ind2="0">
   <subfield code="a">Includes bibliographical references and index</subfield>
  </datafield>
  <datafield tag="650" ind1="0" ind2="0">
   <subfield code="a">Economics -- </subfield>
   <subfield code="x">Statistical methods </subfield>
  </datafield>
  <datafield tag="650" ind1="0" ind2="0">
   <subfield code="a">Commercial statistics </subfield>
  </datafield>
  <datafield tag="901" ind1=" " ind2=" ">
   <subfield code="u">http://www.pearson-book.com</subfield>
  </datafield>
 </record>
</collection>
